000 01620cam a22004814i 4500
003 PE-LiUPU
005 20250731184516.0
008 150617s r 000 0 d
035 _a(Sirsi) a16763
040 _aPE-LiUPU
_bspa
_cPE-LiUPU
_erda
049 _aPRUA
082 0 4 _a985.1204
_bP977p
_221
100 1 _aPuente Candamo, José A. de la,
_d1922-2020
_eautor.
245 1 0 _aPiura en tiempos de la emancipación /
_cJosé A. de la Puente Cándamo.
264 1 _aPiura :
_bUniversidad de Piura,
_c1971.
300 _a31 páginas ;
_c18 centímetros.
336 _atext
_2rdacontent
337 _aunmediated
_2rdamedia
338 _avolume
_2rdacarrier
490 0 _a(Colección Algarrobo ;
_v1)
500 _a"Discurso de orden en la ceremonia inaugural de la Universidad de Piura y de apertura de su primer año académico. Piura, 1 de abril de 1969"--p. [7]
504 _aIncluye referencias bibliográficas.
505 0 _aPiura en tiempos de la emancipación.
526 _aP136
526 _aP135
526 _aP134
526 _aP133
526 _aP144
526 _aP143
526 _aP87
526 _aP35
526 _aP20
526 _aP14
526 _aP10
526 _aP06
651 0 _aPiura (Perú : Departamento)
_xHistoria
_yEmancipación, 1808-1824.
_92453
710 _aUniversidad de Piura.
_92454
910 _ajck
942 _2ddc
_cBK
949 _a985.12 P91
_wDEWEY
_c1
_i22657
_lCCODEBUL1
_mBUL
_r0
_sY
_tBOOK
_u19840506
_xEDUCACION
_zUNKNOWN
_0COMPRA
_o.STAFF. Colección General
999 _c16268
_d16268
980 _81
_gALBERTO SANCHEZ Responsable de Automatización